[Event "XLVI Torneo di Capodanno"]
[Site "Reggio nell'Emilia ITA"]
[Date "2004.01.01"]
[Round "6"]
[White "Zimina, Olga"]
[Black "Tomescu, Vlad"]
[Result "0-1"]
[WhiteElo "2387"]
[BlackElo "2447"]
[PlyCount "154"]
[EventDate "2003.12.27"]

1. e4 e5 2. Nf3 Nc6 3. Nc3 Nf6 4. g3 Bc5 5. Bg2 d6 6. O-O a6 7. d3 h6 8. Be3
Bg4 9. h3 Bxf3 10. Qxf3 Nd4 11. Qd1 c6 12. Kh2 Ne6 13. Qd2 Qe7 14. f4 Bxe3 15.
Qxe3 h5 16. Ne2 h4 17. d4 hxg3+ 18. Kg1 Nh5 19. fxe5 dxe5 20. dxe5 Qc5 21. Qxc5
Nxc5 22. Rad1 Ke7 23. Rf3 Ne6 24. Rb3 Rab8 25. Nxg3 Nxg3 26. Rxg3 Rbd8 27. Rf1
Rd2 28. Rgf3 Rf8 29. Rb3 Nc5 30. Rc3 Nd7 31. Rf4 g6 32. Rg4 Rd8 33. Bf1 Nf8 34.
Bc4 Ne6 35. Rg2 Rd1+ 36. Kh2 R8d2 37. Rb3 Nd8 38. Rbg3 Rxg2+ 39. Rxg2 Re1 40.
Bd3 Ne6 41. Re2 Rd1 42. Rf2 b5 43. Kg3 Ra1 44. a3 Ra2 45. c3 Nc5 46. Bb1 Ra1
47. Bc2 Re1 48. Kf3 Nd7 49. Kf4 Rh1 50. e6 Kxe6 51. e5 Ke7 52. Be4 Re1 53. Bxc6
Nxe5 54. Be4 f5 55. Kxe5 Rxe4+ 56. Kd5 Re3 57. h4 Kf6 58. a4 bxa4 59. c4 Rd3+
60. Kc6 Rd4 61. c5 Rxh4 62. Kd5 g5 63. c6 g4 64. c7 Rh8 65. Rc2 Rc8 66. Rc6+
Ke7 67. Ke5 Kd7 68. Rg6 Rf8 69. Rg7+ Kc8 70. Kf4 a5 71. Rh7 Rg8 72. Kg3 f4+ 73.
Kg2 f3+ 74. Kg3 Rf8 75. Kf2 g3+ 76. Kf1 f2 77. Rg7 Rf3 0-1

[Event "XLVI Torneo di Capodanno"]
[Site "Reggio nell'Emilia ITA"]
[Date "2004.01.02"]
[Round "7"]
[White "Collutiis, Duilio"]
[Black "Bellini, Fabio"]
[Result "0-1"]
[WhiteElo "2417"]
[BlackElo "2503"]
[PlyCount "74"]
[EventDate "2003.12.27"]

1. e4 c5 2. Nf3 g6 3. d4 cxd4 4. Nxd4 Bg7 5. c4 b6 6. Nc3 Bb7 7. Be3 Nc6 8. Be2
Nf6 9. O-O O-O 10. f3 Qb8 11. Qd2 Rd8 12. Ndb5 d6 13. Nd5 Rd7 14. Bg5 Ne8 15.
Be3 e6 16. Ndc3 Qd8 17. Rad1 a6 18. Na3 Ne7 19. Na4 Nc8 20. Qb4 Rb8 21. Qb3 Bc6
22. Nc3 Ne7 23. Bf4 b5 24. cxb5 axb5 25. Qb4 Nc7 26. Rxd6 Na6 27. Rxd7 Qb6+ 28.
Kh1 Nxb4 29. Rxe7 e5 30. Bxe5 Bxe5 31. Rxe5 Qd4 32. f4 Nd3 33. Bxd3 b4 34. Bb5
bxa3 35. Rd1 Qe3 36. Bxc6 axb2 37. Rb5 Rxb5 0-1

[Event "XLVI Torneo di Capodanno"]
[Site "Reggio nell'Emilia ITA"]
[Date "2004.01.02"]
[Round "7"]
[White "Piscopo, Pierluigi"]
[Black "Miladinovic, Igor"]
[Result "0-1"]
[WhiteElo "2321"]
[BlackElo "2599"]
[PlyCount "68"]
[EventDate "2003.12.27"]

1. e4 c5 2. Nf3 Nc6 3. d4 cxd4 4. Nxd4 Qc7 5. Nb5 Qb8 6. Bd3 a6 7. N5c3 e6 8.
Be3 b5 9. f4 Bb7 10. O-O h5 11. h3 h4 12. Nd2 Nf6 13. Qe1 Ne7 14. e5 Nfd5 15.
Nxd5 Bxd5 16. Nf3 g6 17. Nxh4 Nf5 18. Nxf5 gxf5 19. Qe2 Be7 20. c4 Bc6 21. cxb5
axb5 22. Rfc1 Bd5 23. Qc2 Qb7 24. Bf1 Rg8 25. Kh2 f6 26. Qe2 Kf7 27. Qh5+ Rg6
28. Rc2 fxe5 29. fxe5 Kg7 30. Qe2 Qb8 31. Bf4 Ra4 32. g3 Bh4 33. gxh4 Rxf4 34.
h5 Rf2+ 0-1

[Event "XLVI Torneo di Capodanno"]
[Site "Reggio nell'Emilia ITA"]
[Date "2004.01.02"]
[Round "7"]
[White "Ronchetti, Niccolo'"]
[Black "Zimina, Olga"]
[Result "0-1"]
[WhiteElo "2201"]
[BlackElo "2387"]
[PlyCount "56"]
[EventDate "2003.12.27"]

1. e4 c6 2. d4 d5 3. Nc3 dxe4 4. Nxe4 Bf5 5. Ng3 Bg6 6. Nf3 e6 7. Bc4 Nf6 8.
O-O Nbd7 9. Qe2 Be7 10. c3 O-O 11. Ne5 Nxe5 12. dxe5 Nd7 13. f4 Nb6 14. Rd1 Qc7
15. Bb3 a5 16. Ne4 Rfd8 17. Bc2 a4 18. Be3 Nd5 19. a3 Qa5 20. Kh1 Nxe3 21. Qxe3
Rd5 22. c4 Rdd8 23. h3 Rxd1+ 24. Rxd1 Rd8 25. Bd3 Rd7 26. Nd6 Bxd6 27. Bxg6 Bc5
28. Bxh7+ Kh8 0-1

[Event "XLVI Torneo di Capodanno"]
[Site "Reggio nell'Emilia ITA"]
[Date "2004.01.02"]
[Round "7"]
[White "Tomescu, Vlad"]
[Black "Georgiev, Vladimir"]
[Result "1-0"]
[WhiteElo "2447"]
[BlackElo "2596"]
[PlyCount "85"]
[EventDate "2003.12.27"]

1. e4 d6 2. d4 Nf6 3. f3 e5 4. d5 c6 5. c4 Be7 6. Nc3 O-O 7. Be3 a5 8. Bd3 Na6
9. Nge2 Nc5 10. Bc2 cxd5 11. cxd5 Ne8 12. a3 Bg5 13. Bf2 Bh6 14. b4 axb4 15.
axb4 Rxa1 16. Qxa1 Na6 17. Qb2 f5 18. exf5 Qg5 19. O-O Bxf5 20. Bxf5 Qxf5 21.
Ne4 Qd7 22. b5 Nac7 23. N2c3 Nf6 24. b6 Nce8 25. Qb5 Qxb5 26. Nxb5 Nxd5 27.
Nbxd6 Nxd6 28. Nxd6 Rf6 29. Nc4 Rc6 30. Nxe5 Rc2 31. g3 Bd2 32. Ra1 Kf8 33. f4
Ke7 34. Ra7 Ke6 35. Rxb7 g5 36. Nf3 Rc1+ 37. Kg2 Be3 38. Nxg5+ Kf5 39. Rd7 Rd1
40. Rxd5+ Rxd5 41. Bxe3 h5 42. Nf7 Rd3 43. b7 1-0

[Event "XLVI Torneo di Capodanno"]
[Site "Reggio nell'Emilia ITA"]
[Date "2004.01.02"]
[Round "7"]
[White "Vezzosi, Paolo"]
[Black "Komarov, Dimitri"]
[Result "1/2-1/2"]
[WhiteElo "2371"]
[BlackElo "2566"]
[PlyCount "79"]
[EventDate "2003.12.27"]

1. d4 Nf6 2. Nf3 d5 3. c4 e6 4. Nc3 dxc4 5. e3 a6 6. a4 c5 7. Bxc4 Nc6 8. O-O
Be7 9. Qe2 cxd4 10. Rd1 e5 11. exd4 exd4 12. Nxd4 Nxd4 13. Qe5 Qd6 14. Qxd4
Qxd4 15. Rxd4 Bc5 16. Rd1 O-O 17. Bg5 Be6 18. Bxe6 fxe6 19. Bxf6 gxf6 20. Ne4
Bb4 21. Rd4 a5 22. Rd7 Rf7 23. Rc1 Raf8 24. Rcc7 Rxd7 25. Rxd7 Rf7 26. f4 Kg7
27. Rxf7+ Kxf7 28. Kf2 Kg6 29. Kf3 f5 30. Nf2 Bc5 31. Nd3 Bd4 32. Ne5+ Bxe5 33.
fxe5 Kg5 34. g3 b6 35. h4+ Kg6 36. Kf4 Kh5 37. Kf3 Kg6 38. Ke3 Kh5 39. Kf4 Kg6
40. Kf3 1/2-1/2

[Event "XLVI Torneo di Capodanno"]
[Site "Reggio nell'Emilia ITA"]
[Date "2004.01.03"]
[Round "8"]
[White "Bellini, Fabio"]
[Black "Komarov, Dimitri"]
[Result "0-1"]
[WhiteElo "2503"]
[BlackElo "2566"]
[PlyCount "64"]
[EventDate "2003.12.27"]

1. e4 e6 2. d4 d5 3. Nc3 Nf6 4. e5 Nfd7 5. Nf3 c5 6. dxc5 Nc6 7. Bf4 Bxc5 8.
Bd3 f6 9. exf6 Nxf6 10. Qe2 O-O 11. O-O-O Bd7 12. Ne5 Bd6 13. Ng6 Bxf4+ 14.
Nxf4 Qa5 15. a3 Rae8 16. g4 Qc7 17. Nh3 Ne5 18. g5 Nxd3+ 19. Qxd3 Nh5 20. g6 h6
21. Rhe1 Bc6 22. Qd4 Qxh2 23. Qg4 Nf4 24. Ng1 Qg2 25. Qxg2 Nxg2 26. Re5 Nf4 27.
Nf3 Nxg6 28. Re3 a6 29. Rg1 Nf4 30. b4 e5 31. Nxe5 d4 32. Nxc6 dxe3 0-1

[Event "XLVI Torneo di Capodanno"]
[Site "Reggio nell'Emilia ITA"]
[Date "2004.01.03"]
[Round "8"]
[White "Collutiis, Duilio"]
[Black "Piscopo, Pierluigi"]
[Result "1/2-1/2"]
[WhiteElo "2417"]
[BlackElo "2321"]
[PlyCount "55"]
[EventDate "2003.12.27"]

1. e4 c5 2. Nf3 e6 3. d4 cxd4 4. Nxd4 Nc6 5. Nb5 d6 6. c4 Nf6 7. N1c3 a6 8. Na3
Be7 9. Be2 O-O 10. O-O b6 11. Be3 Bb7 12. f3 Ne5 13. Qe1 Qc7 14. Rc1 Ned7 15.
Kh1 Rac8 16. Qf2 Rfe8 17. Rfd1 Qb8 18. Na4 d5 19. exd5 exd5 20. Nxb6 Nxb6 21.
Bxb6 Bd6 22. Ba7 Rxe2 23. Bxb8 Rxf2 24. Bxd6 Rxb2 25. Rb1 Rxb1 26. Rxb1 Ne8 27.
Be5 Bc6 28. Rc1 1/2-1/2

[Event "XLVI Torneo di Capodanno"]
[Site "Reggio nell'Emilia ITA"]
[Date "2004.01.03"]
[Round "8"]
[White "Georgiev, Vladimir"]
[Black "Ronchetti, Niccolo'"]
[Result "1-0"]
[WhiteElo "2596"]
[BlackElo "2201"]
[PlyCount "53"]
[EventDate "2003.12.27"]

1. d4 Nf6 2. c4 c6 3. Bf4 d6 4. Nc3 g6 5. Nf3 Bg7 6. h3 O-O 7. e3 Nbd7 8. Be2
Re8 9. O-O Nh5 10. Bh2 e5 11. g4 e4 12. Nd2 Nhf6 13. Bxd6 Nf8 14. Bg3 h5 15.
Kg2 Qd7 16. Rh1 hxg4 17. hxg4 Qe6 18. g5 N6h7 19. Ndxe4 Bd7 20. Qd2 Qe7 21. Bd6
Qd8 22. Bxf8 Rxf8 23. f4 Qe7 24. c5 Rae8 25. Qe1 f5 26. Nd6 Nxg5 27. Qh4 1-0

[Event "XLVI Torneo di Capodanno"]
[Site "Reggio nell'Emilia ITA"]
[Date "2004.01.03"]
[Round "8"]
[White "Miladinovic, Igor"]
[Black "Tomescu, Vlad"]
[Result "1/2-1/2"]
[WhiteElo "2599"]
[BlackElo "2447"]
[PlyCount "257"]
[EventDate "2003.12.27"]

1. d4 d5 2. Bg5 c6 3. Nf3 Qb6 4. Qc1 Bf5 5. e3 e6 6. c4 Nd7 7. Nc3 Ngf6 8. Be2
Be7 9. O-O h6 10. Bf4 O-O 11. c5 Qd8 12. h3 Ne4 13. b4 Bf6 14. Nxe4 Bxe4 15.
Nd2 Bh7 16. Bd6 Re8 17. f4 Nb6 18. Be5 Nd7 19. Bxf6 Nxf6 20. Kh2 Ne4 21. Nf3 a6
22. a4 Qc7 23. Qb2 Reb8 24. Rfc1 Ng5 25. b5 axb5 26. axb5 Nxf3+ 27. Bxf3 Rxa1
28. b6 Qd8 29. Rxa1 Bd3 30. Ra7 Ba6 31. Qa1 Bd3 32. Qa3 Ba6 33. Bd1 Bb5 34. Bc2
g6 35. Qa1 Kg7 36. Qe1 Ba6 37. Qg3 f5 38. h4 h5 39. Ba4 Rc8 40. Qg5 Qf8 41. Kg3
Kf7 42. Kf2 Ra8 43. Bd1 Qh8 44. Ke1 Rb8 45. Rxa6 bxa6 46. Ba4 Rc8 47. Kd2 a5
48. Kc2 Qf8 49. Kb2 Qh8 50. Ka2 Qf8 51. Bc2 Qh8 52. Bd3 Rb8 53. Ba6 Qf8 54. Qg3
Qd8 55. Qe1 Ke8 56. Ka3 Kd7 57. Ka4 Ra8 58. Qxa5 Rb8 59. g3 Ra8 60. Kb4 Rb8 61.
Qa3 Qf8 62. Kb3 Ra8 63. Qa5 Qd8 64. Kb4 Rb8 65. Bb5 Qc8 66. Ba6 Qd8 67. Qa1 Ra8
68. Kb3 Rb8 69. Kc2 Ra8 70. Kd2 Ke7 71. Qf1 Kd7 72. Qd3 Rb8 73. Ke2 Ra8 74. Kf2
Rb8 75. Kg2 Ra8 76. Kh2 Rb8 77. Kh3 Ke7 78. Qe2 Kd7 79. Kg2 Ke7 80. Kf3 Kd7 81.
Qf1 Ke7 82. Qe1 Kd7 83. b7 Qc7 84. Qb4 Ke7 85. Ke2 Kd7 86. Kd3 Ke7 87. Kc3 Kd7
88. Kb3 Ke7 89. Ka4 Kd7 90. Qb2 Ke7 91. Qb6 Kd7 92. Kb3 Kd8 93. Qb4 Kd7 94. Kc2
Kd8 95. Kd1 Kd7 96. Ke2 Kd8 97. Kf2 Kd7 98. Kg2 Kd8 99. Qe1 Kd7 100. Kh2 Kd8
101. Kg1 Kd7 102. Kg2 Qd8 103. Qa1 Qc7 104. Qa4 Rh8 105. Kh3 Rg8 106. Qb4 Rf8
107. Bd3 Rb8 108. Ba6 Rh8 109. Qe1 Rb8 110. Qd2 Rh8 111. Kg2 Rb8 112. Kh1 Ke7
113. Kg2 Kd7 114. e4 Rxb7 115. Bxb7 Qxb7 116. exd5 exd5 117. Qe2 Qb1 118. Qe5
Qe4+ 119. Kh2 Kc8 120. Qh8+ Kb7 121. Qg7+ Ka6 122. Qxg6 Qe2+ 123. Kg1 Qe1+ 124.
Kg2 Qe2+ 125. Kg1 Qe1+ 126. Kg2 Qe2+ 127. Kg1 Qe1+ 128. Kg2 Qe2+ 129. Kg1
1/2-1/2

[Event "XLVI Torneo di Capodanno"]
[Site "Reggio nell'Emilia ITA"]
[Date "2004.01.03"]
[Round "8"]
[White "Zimina, Olga"]
[Black "Vezzosi, Paolo"]
[Result "1-0"]
[WhiteElo "2387"]
[BlackElo "2371"]
[PlyCount "159"]
[EventDate "2003.12.27"]

1. e4 g6 2. d4 Bg7 3. Nf3 d6 4. Bd3 Nc6 5. d5 Nb4 6. Be2 Nf6 7. O-O a5 8. Be3
O-O 9. Nbd2 e5 10. dxe6 fxe6 11. c3 Nc6 12. Nd4 Qe7 13. Bg5 e5 14. Nc2 Nd8 15.
Ne3 c6 16. Ndc4 Nf7 17. Bxf6 Bxf6 18. Nb6 Ra7 19. Bg4 Bxg4 20. Qxg4 Ra6 21. Nf5
Qd8 22. Nd7 Bg5 23. Nxd6 Nxd6 24. Rad1 Rf4 25. Qe6+ Nf7 26. Nc5 Qa8 27. Nxa6
Qxa6 28. g3 Rf3 29. h4 Bh6 30. c4 Kg7 31. Rd7 Rf6 32. Qxe5 Qxc4 33. Rxb7 Bd2
34. Rd7 Bb4 35. Rfd1 Qe6 36. Qxe6 Rxe6 37. f3 h5 38. Kf1 Kf6 39. a3 Bc5 40. Rc1
Ne5 41. Rb7 Bd4 42. f4 Ng4 43. Re1 Be3 44. e5+ Kf5 45. Kg2 Re8 46. Kf3 Bd4 47.
Re2 c5 48. a4 Ra8 49. Rb5 Ke6 50. Rb7 Kd5 51. Rd7+ Ke6 52. Rd6+ Kf5 53. Rb6 Ra7
54. Rb8 Ke6 55. Rg8 Kf7 56. Rb8 Ke6 57. Rb5 Ra6 58. Rb7 Kd5 59. b3 Bc3 60. Rb5
Bd4 61. e6 Rxe6 62. Rxe6 Kxe6 63. Rxa5 Nf6 64. Ra8 Kd5 65. a5 Kc6 66. Rb8 Nd7
67. Rg8 Kb5 68. Rxg6 Nf6 69. Rg7 Kxa5 70. Rb7 Ka6 71. Rb8 Ka7 72. Rd8 Kb7 73.
f5 Kc7 74. Ra8 Kd6 75. Kf4 Be5+ 76. Kg5 Kd5 77. Ra6 Ne4+ 78. Kxh5 Nxg3+ 79. Kg6
Ne4 80. f6 1-0

[Event "XLVI Torneo di Capodanno"]
[Site "Reggio nell'Emilia ITA"]
[Date "2004.01.04"]
[Round "9"]
[White "Komarov, Dimitri"]
[Black "Zimina, Olga"]
[Result "1/2-1/2"]
[WhiteElo "2566"]
[BlackElo "2387"]
[PlyCount "49"]
[EventDate "2003.12.27"]

1. d4 Nf6 2. Nf3 d6 3. c4 Nbd7 4. Nc3 c6 5. e4 e5 6. Be2 Be7 7. O-O O-O 8. Be3
Re8 9. d5 g6 10. Nd2 Bf8 11. b4 a6 12. Nb3 cxd5 13. cxd5 Bg7 14. Na5 Rf8 15.
Nc4 Ne8 16. b5 f5 17. bxa6 Rxa6 18. f3 Rf7 19. a4 Ra8 20. Nb5 Bf8 21. exf5 Rxf5
22. Na7 Rf7 23. Rb1 Nef6 24. Nb5 Ne8 25. a5 1/2-1/2

[Event "XLVI Torneo di Capodanno"]
[Site "Reggio nell'Emilia ITA"]
[Date "2004.01.04"]
[Round "9"]
[White "Ronchetti, Niccolo'"]
[Black "Miladinovic, Igor"]
[Result "0-1"]
[WhiteElo "2201"]
[BlackElo "2599"]
[PlyCount "60"]
[EventDate "2003.12.27"]

1. e4 c5 2. Nf3 Nc6 3. d4 cxd4 4. Nxd4 Qc7 5. Nb5 Qb8 6. c4 Nf6 7. N1c3 a6 8.
Na3 e6 9. Bd3 Bc5 10. Nc2 b5 11. cxb5 axb5 12. Bxb5 Nxe4 13. Nxe4 Qxb5 14. Nxc5
Qxc5 15. O-O O-O 16. a3 Qe5 17. Rb1 Qf5 18. Re1 Bb7 19. Be3 Ne5 20. Nd4 Qg6 21.
f3 Nd3 22. Rf1 Rfc8 23. Qd2 e5 24. Ne2 d5 25. Rbd1 Ba6 26. Kh1 d4 27. Bg1 Rc2
28. Qxc2 Nf2+ 29. Rxf2 Qxc2 30. Re1 Qd2 0-1

[Event "XLVI Torneo di Capodanno"]
[Site "Reggio nell'Emilia ITA"]
[Date "2004.01.04"]
[Round "9"]
[White "Tomescu, Vlad"]
[Black "Collutiis, Duilio"]
[Result "1/2-1/2"]
[WhiteElo "2447"]
[BlackElo "2417"]
[PlyCount "30"]
[EventDate "2003.12.27"]

1. Nf3 Nf6 2. g3 g6 3. Bg2 Bg7 4. d4 O-O 5. O-O d6 6. c4 Nbd7 7. Nc3 e5 8. e4
exd4 9. Nxd4 Re8 10. h3 c6 11. Re1 a5 12. Rb1 Nc5 13. Bf4 Nh5 14. Be3 Qc7 15.
Qc2 Ne6 1/2-1/2